[Event "PARDUBICE OPEN 2007"]
[Date "2007.07.22"]
[Round "3"]
[White "Feller, Sebastian"]
[Black "Kotronias, Vasilios"]
[Result "1/2-1/2"]
[WhiteElo "2476"]
[BlackElo "2602"]
[PlyCount "64"]
[EventDate "2007.07.22"]

1. d4 Nf6 2. Nf3 g6 3. Bg5 Bg7 4. Nbd2 O-O 5. e4 d5 6. Bd3 dxe4 7. Nxe4 Nbd7 8.
O-O Nxe4 9. Bxe4 h6 10. Be3 Nf6 11. Bd3 Nd5 12. Bd2 c5 13. dxc5 Qc7 14. Rb1
Qxc5 15. Qe2 Nb4 16. Bxb4 Qxb4 17. Rfe1 e5 18. c3 Qb6 19. Qe3 Rd8 20. Qxb6 axb6
21. Bc2 Be6 22. a3 Ra5 23. Red1 Rxd1+ 24. Rxd1 Rb5 25. b4 Rd5 26. Rxd5 Bxd5 27.
Nd2 f5 28. f3 Kf7 29. Kf2 Ke6 30. Ba4 Ke7 31. Ke2 h5 32. Bb5 Kd8 1/2-1/2

[Event "PARDUBICE OPEN 2007"]
[Date "2007.07.22"]
[Round "3"]
[White "Markos, Jan"]
[Black "Pozin, Sergey"]
[Result "1/2-1/2"]
[WhiteElo "2559"]
[BlackElo "2450"]
[PlyCount "79"]


1. d4 Nf6 2. c4 g6 3. Nc3 Bg7 4. e4 d6 5. Nf3 O-O 6. Be2 Bg4 7. Be3 Nbd7 8. O-O
c5 9. d5 a6 10. Nd2 Bxe2 11. Qxe2 Qc7 12. a4 e6 13. Kh1 Rae8 14. f3 Nh5 15. g4
Bxc3 16. bxc3 Ng7 17. Rab1 Nb6 18. a5 Na4 19. Rfc1 f5 20. Bh6 fxg4 21. fxg4 Rf7
22. Ra1 Qxa5 23. Nf3 exd5 24. Ng5 Rf6 25. Qd1 Nxc3 26. Qd3 Qc7 27. Rxc3 d4 28.
Rcc1 Ne6 29. Rf1 Rxf1+ 30. Rxf1 Nxg5 31. Bxg5 Rf8 32. Kg2 Rxf1 33. Kxf1 Qf7+
34. Kg2 Kf8 35. Qe2 Ke8 36. Kg3 Kd7 37. Bf4 Qe6 38. Kf3 Qf6 39. g5 Qe6 40. Kg3
1/2-1/2

[Event "PARDUBICE OPEN 2007"]
[Date "2007.07.22"]
[Round "3"]
[White "Podolchenko, Evgeniy"]
[Black "Schlosser, Philipp"]
[Result "0-1"]
[WhiteElo "2458"]
[BlackElo "2562"]
[PlyCount "86"]
[EventDate "2007.07.22"]

1. d4 d5 2. c4 e6 3. Nc3 c6 4. Nf3 Nf6 5. Bg5 h6 6. Bxf6 Qxf6 7. e3 Nd7 8. Bd3
dxc4 9. Bxc4 g6 10. O-O Bg7 11. e4 O-O 12. e5 Qe7 13. Qe2 a6 14. Rac1 b5 15.
Bb3 c5 16. d5 Bb7 17. Rfd1 Rfd8 18. d6 Qf8 19. Ne4 Rac8 20. Qe3 c4 21. Bc2 Nxe5
22. Nxe5 Bxe5 23. Nc5 Rxc5 24. Qxc5 Bd5 25. Rb1 Bxd6 26. Qe3 Bc5 27. Qg3 Qe7
28. b3 Qf6 29. bxc4 bxc4 30. Rf1 Kg7 31. Kh1 h5 32. f4 Bc6 33. Rbd1 Rxd1 34.
Rxd1 Bd5 35. f5 h4 36. Qg4 exf5 37. Bxf5 Qe5 38. Bc2 c3 39. a4 a5 40. h3 Bf2
41. Rf1 Qe3 42. Qc8 Bg3 43. Qa6 Bd6 0-1

[Event "PARDUBICE OPEN 2007"]
[Date "2007.07.22"]
[Round "3"]
[White "Mochalov, Evgeny V."]
[Black "Korobov, Anton"]
[Result "1/2-1/2"]
[WhiteElo "2429"]
[BlackElo "2530"]
[PlyCount "48"]
[EventDate "2007.07.22"]

1. Nf3 Nf6 2. c4 e6 3. g3 d5 4. d4 dxc4 5. Bg2 Be7 6. O-O O-O 7. Qc2 a6 8. Qxc4
b5 9. Qc2 Bb7 10. Bd2 Ra7 11. Rd1 Nc6 12. a3 Qa8 13. Be3 Na5 14. Nbd2 Nd5 15.
b4 Nxe3 16. fxe3 Nc6 17. Nb3 Nb8 18. Ne1 Bxg2 19. Nxg2 Nd7 20. Na5 Bd6 21. e4
e5 22. d5 Qb8 23. h3 Ra8 24. Kh2 Qb6 1/2-1/2

[Event "PARDUBICE OPEN 2007"]
[Site "?"]
[Date "2007.07.22"]
[Round "3"]
[White "Kuznetsov, Viktor"]
[Black "Gajewski, Grzegorz"]
[Result "0-1"]
[WhiteElo "2448"]
[BlackElo "2556"]
[PlyCount "62"]
[EventDate "2007.07.22"]

1. e4 e5 2. Nf3 Nc6 3. Bb5 a6 4. Ba4 Nf6 5. O-O Be7 6. Re1 b5 7. Bb3 d6 8. c3
O-O 9. h3 Na5 10. Bc2 d5 11. exd5 e4 12. Ng5 Nxd5 13. Nxe4 f5 14. Ng3 f4 15.
Ne4 f3 16. d4 fxg2 17. Ng3 Qd6 18. Be4 Bb7 19. Nf5 Rxf5 20. Bxf5 Rf8 21. Re6
Rxf5 22. Rxd6 Bxd6 23. a4 Bg3 24. f3 Bf4 25. axb5 Bxc1 26. Rxa5 Nf4 27. Qe1
Bxf3 28. bxa6 Nxh3+ 29. Kh2 Bf4+ 30. Kxh3 g1=N+ 31. Qxg1 Rxa5 0-1

[Event "PARDUBICE OPEN 2007"]
[Site "?"]
[Date "2007.07.22"]
[Round "3"]
[White "Smerdon, David"]
[Black "Oleksienko, Mikhailo"]
[Result "1-0"]
[WhiteElo "2461"]
[BlackElo "2567"]
[PlyCount "99"]
[EventDate "2007.07.22"]

1. d4 Nf6 2. Nf3 e6 3. c4 b6 4. g3 Ba6 5. Qc2 Bb4+ 6. Bd2 Be7 7. e4 d5 8. cxd5
Bxf1 9. Kxf1 exd5 10. e5 Ne4 11. Nc3 Nxc3 12. bxc3 c5 13. Kg2 Nc6 14. h4 Qd7
15. Rae1 Qe6 16. Ng5 Bxg5 17. hxg5 cxd4 18. f4 g6 19. cxd4 Rc8 20. Qd3 Ne7 21.
Rc1 O-O 22. Bb4 Rxc1 23. Rxc1 Rc8 24. Rxc8+ Nxc8 25. Qe2 Qc6 26. g4 a5 27. Ba3
Qa4 28. Qe3 Qd7 29. Qf3 Na7 30. f5 Nb5 31. e6 fxe6 32. fxe6 Qe8 33. e7 Nxa3 34.
Qxd5+ Kg7 35. Qe5+ Kf7 36. Qf6+ Kg8 37. Qe6+ Kg7 38. Qf6+ Kg8 39. Qe6+ Kg7 40.
d5 Nc4 41. Qf6+ Kg8 42. Qe6+ Kg7 43. a4 b5 44. axb5 a4 45. d6 Nb6 46. Qe3 Nd7
47. b6 h6 48. gxh6+ Kh7 49. g5 a3 50. Qc3 1-0

[Event "PARDUBICE OPEN 2007"]
[Site "?"]
[Date "2007.07.22"]
[Round "3"]
[White "Haub, Thorsten-Michael"]
[Black "Babula, Vlastimil"]
[Result "0-1"]
[WhiteElo "2466"]
[BlackElo "2577"]
[PlyCount "60"]
[EventDate "2007.07.22"]

1. g3 d5 2. Bg2 g6 3. d3 Bg7 4. Nf3 e5 5. O-O Ne7 6. Nbd2 O-O 7. e4 Nbc6 8. c3
a5 9. a4 h6 10. exd5 Nxd5 11. Re1 Re8 12. Nc4 Bf5 13. Nh4 Be6 14. Nf3 f6 15. h4
Qd7 16. Nfd2 Rad8 17. Qb3 b6 18. Qb5 Nde7 19. Be4 f5 20. Bg2 Bd5 21. Nf3 Nc8
22. Ne3 Bf7 23. h5 Nd6 24. hxg6 Nxb5 25. gxf7+ Qxf7 26. axb5 Ne7 27. Nh4 Rxd3
28. Nexf5 Nxf5 29. Nxf5 Qxf5 30. Be4 Qd7 0-1

[Event "PARDUBICE OPEN 2007"]
[Site "?"]
[Date "2007.07.22"]
[Round "3"]
[White "Potkin, Vladimir"]
[Black "Voloshin, Leonid"]
[Result "1/2-1/2"]
[WhiteElo "2591"]
[BlackElo "2462"]
[PlyCount "57"]
[EventDate "2007.07.22"]

1. d4 Nf6 2. c4 e6 3. Nf3 b6 4. g3 Bb7 5. Bg2 Be7 6. O-O O-O 7. Nc3 Ne4 8. Bd2
Nxd2 9. Qxd2 Bb4 10. a3 Bxc3 11. Qxc3 Be4 12. b4 Nc6 13. Rfd1 Ne7 14. Rac1 c6
15. Ne5 Bxg2 16. Kxg2 Qc7 17. e4 d6 18. Nd3 c5 19. dxc5 dxc5 20. bxc5 bxc5 21.
Qe5 Rac8 22. Qxc7 Rxc7 23. Rb1 Rd8 24. Ne5 Rxd1 25. Rxd1 g5 26. Rd7 Rxd7 27.
Nxd7 Nc6 28. a4 Na5 29. Nxc5 1/2-1/2

[Event "PARDUBICE OPEN 2007"]
[Site "?"]
[Date "2007.07.22"]
[Round "3"]
[White "Grachev, Boris"]
[Black "Zilberman, Yaacov"]
[Result "1/2-1/2"]
[WhiteElo "2601"]
[BlackElo "2473"]
[PlyCount "183"]
[EventDate "2007.07.22"]

1. d4 d5 2. Bf4 Nf6 3. e3 e6 4. Nf3 c5 5. c3 Nc6 6. Nbd2 Bd6 7. Bg3 Bxg3 8.
hxg3 Qd6 9. Qa4 Bd7 10. dxc5 Qxc5 11. Qf4 h6 12. Be2 Rc8 13. e4 Qb6 14. O-O O-O
15. e5 Ne8 16. Nb3 f6 17. exf6 Rxf6 18. Qh4 Nd6 19. c4 dxc4 20. Nbd2 Qxb2 21.
Rab1 Qxa2 22. Nxc4 Qxe2 23. Nxd6 Rb8 24. Rfe1 Qc2 25. Ne4 Rf7 26. Rec1 Qe2 27.
Re1 Qa2 28. Nd6 Rff8 29. Nxb7 Rf5 30. Ra1 Qb2 31. Nd6 Rxf3 32. gxf3 Nd4 33. Qg4
Bc6 34. Ne4 Rb3 35. Reb1 Qxb1+ 36. Rxb1 Rxb1+ 37. Kg2 Rd1 38. Qh5 Bd5 39. Qe8+
Kh7 40. Qf7 Kh8 41. g4 Rd3 42. g5 Bxe4 43. fxe4 hxg5 44. Qh5+ Kg8 45. Qxg5 Nf3
46. Qb5 e5 47. Kg3 Rc3 48. Kg4 Kh7 49. Qa5 Nh2+ 50. Kg5 Rc6 51. Qxa7 Rf6 52.
Kh4 Nf3+ 53. Kg3 Ng5 54. Qe3 Rf4 55. Kg2 Kh6 56. Qb6+ Kh7 57. Qb1 g6 58. Qb7+
Kh6 59. Qe7 Rg4+ 60. Kf1 Rxe4 61. Qf6 Nh7 62. Qh8 Rf4 63. Qxe5 g5 64. Qh8 Kg6
65. Qg8+ Kh6 66. Kg2 Nf6 67. Qf7 Ng4 68. Qe6+ Nf6 69. Qh3+ Kg6 70. Qd3+ Kg7 71.
Qb3 Kg6 72. Qe6 Kg7 73. Qe7+ Kg6 74. Qf8 Rg4+ 75. Kf1 Rf4 76. Qd6 Kg7 77. Qc6
Kf7 78. Ke2 Re4+ 79. Kd3 Rf4 80. f3 Kg6 81. Ke3 Kf7 82. Kf2 Kg6 83. Kg2 Kf7 84.
Qc5 Kg6 85. Qf8 Rh4 86. Qe7 Rf4 87. Qc7 Rh4 88. Qc2+ Kh6 89. Qb1 Rf4 90. Qh1+
Kg6 91. Qh8 Rh4 92. Qf8 1/2-1/2

[Event "PARDUBICE OPEN  2007 "]
[Site "CEZ arena,  Pardubice  (CZE)"]
[Date "2007.07.22"]
[Round "3"]
[White "Polzin, Rainer"]
[Black "Antal, Gergely"]
[Result "1/2-1/2"]
[WhiteElo "2505"]
[BlackElo "2447"]
[PlyCount "88"]
[EventDate "2007.07.20"]

1. e4 c5 2. Nf3 e6 3. d4 cxd4 4. Nxd4 Nf6 5. Nc3 d6 6. Be2 Be7 7. O-O O-O 8.
Be3 Nc6 9. f4 e5 10. Nb3 exf4 11. Bxf4 Be6 12. Kh1 d5 13. e5 Nd7 14. Nxd5 Ndxe5
15. c4 Rc8 16. Qd2 Ng6 17. Nxe7+ Ncxe7 18. Bd6 Re8 19. c5 Bxb3 20. axb3 Rxc5
21. Bc4 Rf5 22. Qd3 Ne5 23. Bxe5 Qxd3 24. Bxd3 Rxe5 25. Rxa7 Rb8 26. Bc4 Nf5
27. g4 Nd6 28. Rd1 Nxc4 29. Rxb7 Rc8 30. bxc4 h5 31. Rd4 Re2 32. gxh5 Rc2 33.
Rbd7 R8xc4 34. Rxc4 Rxc4 35. Rb7 Rc5 36. h6 gxh6 37. b4 Rc2 38. b5 Rb2 39. Rb8+
Kg7 40. b6 Kh7 41. Kg1 Kg7 42. h4 Rb4 43. h5 Rb5 44. b7 Rb2 1/2-1/2

[Event "PARDUBICE OPEN  2007 "]
[Site "CEZ arena,  Pardubice  (CZE)"]
[Date "2007.07.22"]
[Round "3"]
[White "Yandemirov, Valeri"]
[Black "Stark, Lars"]
[Result "1/2-1/2"]
[WhiteElo "2504"]
[BlackElo "2430"]
[PlyCount "74"]
[EventDate "2007.07.20"]

1. e4 c5 2. Nf3 Nc6 3. Bb5 d6 4. d4 cxd4 5. Qxd4 Bd7 6. Bxc6 Bxc6 7. Nc3 Nf6 8.
Bg5 e6 9. O-O-O Be7 10. Rhe1 O-O 11. Qd2 h6 12. Bf4 e5 13. Bg3 Rc8 14. Bh4 Nxe4
15. Nxe4 Bxh4 16. Qxd6 Bxe4 17. Rxe4 Bg5+ 18. Kb1 Qxd6 19. Rxd6 Rfd8 20. Rxd8+
Rxd8 21. Re1 e4 22. Nxg5 hxg5 23. Kc1 f5 24. Rd1 Rxd1+ 25. Kxd1 Kf7 26. f3 e3
27. Ke2 f4 28. g4 Ke6 29. c3 Kd5 30. b3 b5 31. Kd3 Kc5 32. Ke2 a5 33. Kd3 a4
34. Ke2 a3 35. Kd3 b4 36. cxb4+ Kxb4 37. Kc2 Kb5 1/2-1/2

[Event "PARDUBICE OPEN  2007 "]
[Site "CEZ arena,  Pardubice  (CZE)"]
[Date "2007.07.22"]
[Round "3"]
[White "Kononenko, Dmitry"]
[Black "Khmelniker, Ilya"]
[Result "1/2-1/2"]
[WhiteElo "2501"]
[BlackElo "2427"]
[PlyCount "79"]
[EventDate "2007.07.20"]

1. e4 e5 2. Nf3 Nc6 3. Bb5 a6 4. Ba4 Nf6 5. O-O Nxe4 6. d4 b5 7. Bb3 d5 8. dxe5
Be6 9. c3 Bc5 10. Qd3 O-O 11. Be3 Bxe3 12. Qxe3 f6 13. exf6 Qxf6 14. Nbd2 Nxd2
15. Qxd2 Rad8 16. Nd4 Bf7 17. a4 Ne5 18. axb5 axb5 19. f4 Nc4 20. Qf2 c5 21.
Nxb5 d4 22. cxd4 Qb6 23. Bxc4 Bxc4 24. Nc3 Rxd4 25. Rfe1 Rdxf4 26. Qc2 Qf6 27.
Ne2 Bxe2 28. Qxe2 Qd4+ 29. Kh1 Rf2 30. Qe6+ Kh8 31. h3 Qxb2 32. Qd5 Qd4 33.
Qxd4 cxd4 34. Rad1 R2f4 35. g3 Rf3 36. Kg2 d3 37. Rf1 Rxf1 38. Rxf1 Ra8 39. Rd1
Ra3 40. Rd2 1/2-1/2

[Event "PARDUBICE OPEN  2007 "]
[Site "CEZ arena,  Pardubice  (CZE)"]
[Date "2007.07.22"]
[Round "3"]
[White "Van, Oosterom Chiel"]
[Black "Kasparov, Sergey"]
[Result "1/2-1/2"]
[WhiteElo "2358"]
[BlackElo "2500"]
[PlyCount "56"]
[EventDate "2007.07.20"]

1. e4 c6 2. d4 d5 3. exd5 cxd5 4. c4 Nf6 5. Nc3 g6 6. Qb3 Bg7 7. cxd5 O-O 8.
Be2 Na6 9. Bf3 Qb6 10. Qxb6 axb6 11. Nge2 Nb4 12. O-O Rd8 13. d6 Rxd6 14. Bf4
Rd7 15. Be5 Nbd5 16. Rfe1 Rd8 17. Nxd5 Nxd5 18. Nc3 Nxc3 19. bxc3 Bxe5 20. Rxe5
e6 21. Rb5 Rd6 22. h4 Kg7 23. Rab1 Rxa2 24. Rxb6 Rxb6 25. Rxb6 Ra1+ 26. Kh2 Ra3
27. d5 exd5 28. Bxd5 Rxc3 1/2-1/2

[Event "PARDUBICE OPEN  2007 "]
[Site "CEZ arena,  Pardubice  (CZE)"]
[Date "2007.07.22"]
[Round "3"]
[White "Schebler, Gerhard"]
[Black "Aliavdin, Nikolai"]
[Result "1/2-1/2"]
[WhiteElo "2496"]
[BlackElo "2403"]
[PlyCount "63"]
[EventDate "2007.07.20"]

1. d4 Nf6 2. c4 g6 3. Nc3 Bg7 4. e4 d6 5. Nf3 O-O 6. Be2 e5 7. dxe5 dxe5 8.
Qxd8 Rxd8 9. Bg5 Re8 10. Nd5 Nxd5 11. cxd5 c6 12. Bc4 cxd5 13. Bxd5 Nd7 14. Nd2
Nb6 15. Bb3 Be6 16. Ke2 Rac8 17. Rhc1 Bxb3 18. axb3 Rxc1 19. Rxc1 Rc8 20. Nc4
Nxc4 21. bxc4 a6 22. b3 f6 23. Be3 Kf7 24. Rd1 Ke6 25. Rd5 Bf8 26. Kd3 Be7 27.
f3 h5 28. Bd2 Bd6 29. Be3 f5 30. h3 f4 31. Bb6 g5 32. Ke2 1/2-1/2

[Event "PARDUBICE OPEN  2007 "]
[Site "CEZ arena,  Pardubice  (CZE)"]
[Date "2007.07.22"]
[Round "3"]
[White "Jansa, Vlastimil"]
[Black "Shevtsov, Nikoliy"]
[Result "1/2-1/2"]
[WhiteElo "2494"]
[BlackElo "2400"]
[PlyCount "53"]
[EventDate "2007.07.20"]

1. e4 c5 2. Nf3 d6 3. d4 cxd4 4. Nxd4 Nf6 5. Nc3 a6 6. Be2 e5 7. Nb3 Be7 8. O-O
O-O 9. Be3 Be6 10. Qd2 Nbd7 11. a4 Rc8 12. a5 Qc7 13. Rfd1 Rfd8 14. Qe1 h6 15.
f3 Qc6 16. Qd2 Nf8 17. Bb6 Rd7 18. Bd3 d5 19. exd5 Nxd5 20. Be4 Bb4 21. Nxd5
Bxd2 22. Ne7+ Rxe7 23. Bxc6 Rxc6 24. Rxd2 Nd7 25. Be3 f5 26. Rad1 Kf7 27. Nc1
1/2-1/2

[Event "PARDUBICE OPEN  2007 "]
[Site "CEZ arena,  Pardubice  (CZE)"]
[Date "2007.07.22"]
[Round "3"]
[White "Onoprienko, Vladimir"]
[Black "Kravtsiv, Martyn"]
[Result "0-1"]
[WhiteElo "2342"]
[BlackElo "2492"]
[PlyCount "46"]
[EventDate "2007.07.20"]

1. e4 e6 2. d4 d5 3. Nc3 Bb4 4. e5 c5 5. a3 Bxc3+ 6. bxc3 Ne7 7. Qg4 Qc7 8.
Qxg7 Rg8 9. Qxh7 cxd4 10. Kd1 Nbc6 11. f4 dxc3 12. Ne2 Bd7 13. Qd3 d4 14. Ng3
O-O-O 15. Ne4 Nf5 16. h3 Nxe5 17. fxe5 Qxe5 18. Qc4+ Bc6 19. Bd3 Rxg2 20. Re1
Qh2 21. Nxc3 dxc3 22. Bf4 Rd2+ 23. Kc1 Qf2 0-1

[Event "PARDUBICE OPEN  2007 "]
[Site "CEZ arena,  Pardubice  (CZE)"]
[Date "2007.07.22"]
[Round "3"]
[White "Bibik, Jura"]
[Black "Iskusnykh, Sergei"]
[Result "1/2-1/2"]
[WhiteElo "2328"]
[BlackElo "2488"]
[PlyCount "51"]
[EventDate "2007.07.20"]

1. d4 d5 2. Nf3 Nf6 3. Bf4 c5 4. c3 Nc6 5. e3 Qb6 6. Qb3 c4 7. Qc2 Bf5 8. Qc1
h6 9. Nbd2 e6 10. Be2 Be7 11. h3 O-O 12. O-O Rfc8 13. Re1 Qa5 14. Bd1 b5 15.
Bc2 b4 16. e4 bxc3 17. exf5 cxb2 18. Qxb2 c3 19. Qc1 cxd2 20. Bxd2 Bb4 21. fxe6
fxe6 22. Re2 Ne4 23. Be1 Qa6 24. Qe3 e5 25. Bxe4 dxe4 26. Nxe5 1/2-1/2

[Event "PARDUBICE OPEN  2007 "]
[Site "CEZ arena,  Pardubice  (CZE)"]
[Date "2007.07.22"]
[Round "3"]
[White "Wirig, Anthony"]
[Black "Otte, Marco"]
[Result "1/2-1/2"]
[WhiteElo "2487"]
[BlackElo "2216"]
[PlyCount "69"]
[EventDate "2007.07.20"]

1. d4 d5 2. Nf3 e6 3. c4 Nf6 4. Nc3 c5 5. cxd5 Nxd5 6. e3 cxd4 7. exd4 Bb4 8.
Bd2 O-O 9. Bd3 h6 10. O-O Nc6 11. Rc1 Nf6 12. Qe2 Ba5 13. Rfd1 Bb6 14. Bb1 Nxd4
15. Nxd4 Qxd4 16. Ne4 Nxe4 17. Bxe4 Qxb2 18. Rc2 Qf6 19. Bc3 Qg5 20. Rd3 e5 21.
Rg3 Qe7 22. Bxe5 f6 23. Bd4 Kh8 24. Bxb6 axb6 25. Re3 Ra3 26. Rxa3 Qxa3 27. h4
Qe7 28. Bf3 Qxe2 29. Rxe2 Bd7 30. Bxb7 Re8 31. Rxe8+ Bxe8 32. Bd5 Kh7 33. Be4+
Kg8 34. f4 g5 35. hxg5 1/2-1/2

[Event "PARDUBICE OPEN  2007 "]
[Site "CEZ arena,  Pardubice  (CZE)"]
[Date "2007.07.22"]
[Round "3"]
[White "Panchanathan, Magesh"]
[Black "Schneider, David"]
[Result "1-0"]
[WhiteElo "2486"]
[BlackElo "2199"]
[PlyCount "49"]
[EventDate "2007.07.20"]

1. e4 e5 2. Nf3 Nf6 3. Nxe5 d6 4. Nf3 Nxe4 5. Nc3 Nxc3 6. dxc3 Be7 7. Be3 O-O
8. Qd2 Nd7 9. O-O-O Nf6 10. Kb1 Re8 11. Bd3 d5 12. h4 Bg4 13. h5 c5 14. h6 g6
15. Bb5 Rf8 16. Be2 Be6 17. Bf4 Ne4 18. Qe3 Re8 19. Bb5 Qa5 20. Bxe8 d4 21.
Qxe4 Qxa2+ 22. Kc1 Qa1+ 23. Kd2 Qxb2 24. cxd4 cxd4 25. Ke1 1-0

[Event "PARDUBICE OPEN  2007 "]
[Site "CEZ arena,  Pardubice  (CZE)"]
[Date "2007.07.22"]
[Round "3"]
[White "Heberla, Bartolomiej"]
[Black "Tate, Alan"]
[Result "1-0"]
[WhiteElo "2484"]
[BlackElo "2053"]
[PlyCount "51"]
[EventDate "2007.07.20"]

1. e4 c5 2. Nc3 a6 3. Nf3 d6 4. d4 cxd4 5. Nxd4 Nf6 6. a4 Nc6 7. Be2 e5 8. Nf3
h6 9. O-O Be7 10. Re1 Be6 11. Bf1 Rc8 12. Nd5 Bxd5 13. exd5 Nb4 14. c4 a5 15.
Bd2 Na6 16. Qb3 O-O 17. Qb5 Rc5 18. Qxb7 Qa8 19. Qxe7 Rd8 20. Nxe5 Rc7 21. Nd7
Rcxd7 22. Qe3 Nc5 23. Qf3 Rb7 24. Bxh6 Rxb2 25. Qg3 g6 26. Qf3 1-0

[Event "PARDUBICE OPEN  2007 "]
[Site "CEZ arena,  Pardubice  (CZE)"]
[Date "2007.07.22"]
[Round "3"]
[White "Gromova, Julia"]
[Black "Totsky, Leonid"]
[Result "0-1"]
[WhiteElo "2201"]
[BlackElo "2484"]
[PlyCount "30"]
[EventDate "2007.07.20"]

1. d4 e6 2. c4 b6 3. e4 Bb7 4. Bd3 f5 5. exf5 Bb4+ 6. Nc3 Bxg2 7. Qh5+ Kf8 8.
Nge2 Nf6 9. Qh4 Bxh1 10. Bg5 Nc6 11. Nf4 Nxd4 12. O-O-O Nf3 13. Qg3 Nxg5 14.
Rxh1 Bxc3 15. bxc3 e5 0-1

[Event "PARDUBICE OPEN  2007 "]
[Site "CEZ arena,  Pardubice  (CZE)"]
[Date "2007.07.22"]
[Round "3"]
[White "Cifka, Stanislav"]
[Black "Mamedov, Rauf"]
[Result "1-0"]
[WhiteElo "2410"]
[BlackElo "2591"]
[PlyCount "59"]
[EventDate "2007.07.20"]

1. d4 d6 2. Nf3 Nf6 3. c4 g6 4. Nc3 Bg7 5. e4 O-O 6. Be2 Na6 7. O-O e5 8. Be3
Ng4 9. Bg5 Qe8 10. c5 h6 11. Bh4 g5 12. Bg3 dxc5 13. Bxa6 bxa6 14. Nd5 exd4 15.
Nxc7 Qxe4 16. Re1 Qc6 17. Nxa8 Qxa8 18. Rc1 Qd5 19. h3 Nf6 20. Re5 Qxa2 21.
Rexc5 Be6 22. Nxd4 Ne4 23. Nxe6 Qxe6 24. Rc6 Qf5 25. b3 Nxg3 26. fxg3 Re8 27.
Qf1 Qd7 28. Kh2 h5 29. Rc7 Qe6 30. Re1 1-0

[Event "PARDUBICE OPEN  2007 "]
[Site "CEZ arena,  Pardubice  (CZE)"]
[Date "2007.07.22"]
[Round "3"]
[White "Teske, Henrik"]
[Black "Klima, Lukas"]
[Result "1/2-1/2"]
[WhiteElo "2578"]
[BlackElo "2405"]
[PlyCount "45"]
[EventDate "2007.07.20"]

1. c4 Nf6 2. g3 g6 3. Bg2 Bg7 4. e4 d6 5. Ne2 c5 6. O-O Nc6 7. Nbc3 O-O 8. d3
Ne8 9. Be3 Nd4 10. Rb1 a5 11. a3 a4 12. Bxd4 cxd4 13. Nxa4 Bd7 14. b3 Qa5 15.
Qe1 Bxa4 16. bxa4 Qxa4 17. Rxb7 Qxa3 18. Rxe7 d5 19. Rb7 dxc4 20. dxc4 Nd6 21.
Rd7 Rad8 22. Rxd8 Rxd8 23. Qc1 1/2-1/2

[Event "PARDUBICE OPEN  2007 "]
[Site "CEZ arena,  Pardubice  (CZE)"]
[Date "2007.07.22"]
[Round "3"]
[White "Marszalek, Maciej"]
[Black "Stocek, Jiri"]
[Result "0-1"]
[WhiteElo "2395"]
[BlackElo "2572"]
[PlyCount "84"]
[EventDate "2007.07.20"]

1. d4 Nf6 2. c4 e6 3. Nc3 Bb4 4. Qc2 O-O 5. a3 Bxc3+ 6. Qxc3 b6 7. Bg5 Bb7 8.
e3 d6 9. Nf3 Nbd7 10. Be2 Qe8 11. Bxf6 Nxf6 12. O-O Ne4 13. Qe1 f5 14. Nd2 e5
15. Nxe4 fxe4 16. d5 Qg6 17. f3 exf3 18. Bxf3 e4 19. Be2 Rxf1+ 20. Bxf1 Rf8 21.
Rd1 Bc8 22. Rd2 Qg5 23. Rf2 Rf3 24. Be2 Rf6 25. Qd2 Rxf2 26. Kxf2 h5 27. Bf1
Bg4 28. Qc2 Qe5 29. Kg1 h4 30. Qf2 g5 31. Qc2 Bd7 32. Qd2 g4 33. Qd4 Qxd4 34.
exd4 g3 35. Be2 Kg7 36. hxg3 hxg3 37. Kf1 Kf6 38. Ke1 Kg5 39. Kd2 Kf4 40. Bf1
e3+ 41. Kc3 Bg4 42. Kd3 Bf5+ 0-1

[Event "PARDUBICE OPEN  2007 "]
[Site "CEZ arena,  Pardubice  (CZE)"]
[Date "2007.07.22"]
[Round "3"]
[White "Meduna, Eduard"]
[Black "Zakhartsov, Viacheslav"]
[Result "1-0"]
[WhiteElo "2392"]
[BlackElo "2559"]
[PlyCount "77"]
[EventDate "2007.07.20"]

1. d4 Nf6 2. c4 g6 3. Nc3 Bg7 4. e4 d6 5. Be2 O-O 6. Bg5 Na6 7. Nf3 h6 8. Be3
Ng4 9. Bc1 e5 10. O-O Qe8 11. dxe5 dxe5 12. h3 Nf6 13. Be3 c6 14. c5 Nh5 15.
Re1 Be6 16. Qa4 Nc7 17. Rad1 Qe7 18. Bc4 Bc8 19. Qc2 Ne6 20. b4 Nhf4 21. Nd5
cxd5 22. exd5 Nxd5 23. Rxd5 Kh7 24. Bc1 f6 25. Rd6 Qe8 26. a3 a5 27. Qb3 Ng5
28. Nh4 axb4 29. axb4 e4 30. Bd5 Ra1 31. Qc2 Qe5 32. f4 Qd4+ 33. Kh2 Qxb4 34.
Bd2 Qa4 35. Bb3 Qa3 36. fxg5 hxg5 37. Rxe4 f5 38. Re7 gxh4 39. Bc3 1-0

[Event "PARDUBICE OPEN  2007 "]
[Site "CEZ arena,  Pardubice  (CZE)"]
[Date "2007.07.22"]
[Round "3"]
[White "Bobras, Piotr"]
[Black "Anoshkin, Alexander"]
[Result "1-0"]
[WhiteElo "2558"]
[BlackElo "2386"]
[PlyCount "89"]
[EventDate "2007.07.20"]

1. e4 c5 2. Nf3 Nc6 3. d4 cxd4 4. Nxd4 e5 5. Nb5 a6 6. Nd6+ Bxd6 7. Qxd6 Qf6 8.
Qc7 Nge7 9. Nc3 Nb4 10. Bd3 Nxd3+ 11. cxd3 O-O 12. O-O d6 13. f4 Qe6 14. f5 Qd7
15. Qxd7 Bxd7 16. f6 Nc6 17. Nd5 g6 18. Bh6 Rfd8 19. Rac1 Be6 20. Nc7 Bxa2 21.
Nxa8 Rxa8 22. Be3 Bb3 23. Rc3 Ba4 24. g4 Rd8 25. Bb6 Rd7 26. g5 Bb5 27. Rd1 d5
28. d4 dxe4 29. d5 h6 30. h4 Nb4 31. Rc8+ Kh7 32. d6 Nd3 33. Rc7 hxg5 34. hxg5
Kg8 35. Rc8+ Kh7 36. Rd2 Nf4 37. Rh2+ Nh5 38. Bc7 e3 39. Rb8 Bc6 40. Kf1 Bd5
41. Ke2 Bc6 42. Kxe3 Bd5 43. Re8 e4 44. Kd4 Bc6 45. Rb8 1-0

[Event "PARDUBICE OPEN  2007 "]
[Site "CEZ arena,  Pardubice  (CZE)"]
[Date "2007.07.22"]
[Round "3"]
[White "Kryakvin, Dmitry"]
[Black "Pribyl, Josef"]
[Result "1/2-1/2"]
[WhiteElo "2554"]
[BlackElo "2383"]
[PlyCount "84"]
[EventDate "2007.07.20"]

1. d4 Nf6 2. c4 g6 3. Nc3 d5 4. Nf3 Bg7 5. Bf4 O-O 6. Rc1 c6 7. e3 Qa5 8. Qd2
Nbd7 9. h3 h6 10. b3 a6 11. c5 Re8 12. Be2 Qd8 13. O-O Ne4 14. Qb2 Nxc3 15.
Qxc3 f6 16. Bh2 e5 17. dxe5 fxe5 18. e4 d4 19. Qd2 Qe7 20. Qa5 Bf6 21. b4 Rb8
22. Rfd1 Qf8 23. Qa4 Kh7 24. Bg3 Qg7 25. Rc2 Bd8 26. h4 Kh8 27. Qa3 Be7 28. Qc1
Kh7 29. Nd2 Bd8 30. Nc4 Bc7 31. f4 exf4 32. Bxf4 Ne5 33. Nd6 Re7 34. Rcd2 Be6
35. Rxd4 Bxa2 36. h5 Rg8 37. g3 Be6 38. Qc3 Nf7 39. hxg6+ Qxg6 40. e5 Kh8 41.
Kf2 Ng5 42. Ke1 b6 1/2-1/2

[Event "PARDUBICE OPEN  2007 "]
[Site "CEZ arena,  Pardubice  (CZE)"]
[Date "2007.07.22"]
[Round "3"]
[White "Chetverik, Maxim"]
[Black "Simacek, Pavel"]
[Result "0-1"]
[WhiteElo "2347"]
[BlackElo "2481"]
[PlyCount "100"]
[EventDate "2007.07.20"]

1. d4 Nf6 2. c4 c5 3. d5 e6 4. Nc3 exd5 5. cxd5 d6 6. Nf3 g6 7. Bg5 h6 8. Bh4
g5 9. Bg3 Nh5 10. e3 Nxg3 11. hxg3 Bg7 12. Bd3 O-O 13. Qc2 Na6 14. a3 Nc7 15.
Rb1 Re8 16. Bh7+ Kf8 17. Bf5 b5 18. Bxc8 Qxc8 19. Qh7 Qg4 20. Rxh6 Bxh6 21.
Qxh6+ Ke7 22. Qxg5+ Qxg5 23. Nxg5 b4 24. axb4 cxb4 25. Ne2 Nxd5 26. Rd1 Nb6 27.
Nd4 Rec8 28. e4 Kf6 29. f4 a5 30. Nf5 d5 31. g4 Rc2 32. e5+ Kg6 33. Ne7+ Kg7
34. Nf5+ Kg8 35. Rd3 Rc1+ 36. Kf2 Rh1 37. b3 a4 38. bxa4 Rxa4 39. Ne7+ Kf8 40.
Nxd5 Nxd5 41. Rxd5 b3 42. Rd8+ Ke7 43. Rb8 Ra2+ 44. Kg3 b2 45. Rb5 Ke8 46. Nxf7
Ra3+ 47. Kf2 b1=Q 48. Nd6+ Kf8 49. Rxb1 Rxb1 50. Nf5 Rb4 0-1

[Event "PARDUBICE OPEN  2007 "]
[Site "CEZ arena,  Pardubice  (CZE)"]
[Date "2007.07.22"]
[Round "3"]
[White "Ismagambetov, Anuar"]
[Black "Khamzin, Olzhas"]
[Result "1/2-1/2"]
[WhiteElo "2479"]
[BlackElo "2333"]
[PlyCount "33"]
[EventDate "2007.07.20"]

1. d4 d5 2. c4 dxc4 3. Nf3 Nf6 4. e3 e6 5. Bxc4 c5 6. O-O a6 7. Bb3 cxd4 8.
exd4 Nc6 9. Nc3 Be7 10. a3 O-O 11. Re1 b5 12. d5 exd5 13. Nxd5 Nxd5 14. Bxd5
Bb7 15. Bf4 Bf6 16. Rc1 Rc8 17. Bd6 1/2-1/2

[Event "PARDUBICE OPEN  2007 "]
[Site "CEZ arena,  Pardubice  (CZE)"]
[Date "2007.07.22"]
[Round "3"]
[White "Orzech, Dominik"]
[Black "Mista, Aleksander"]
[Result "1-0"]
[WhiteElo "2394"]
[BlackElo "2553"]
[PlyCount "53"]
[EventDate "2007.07.20"]

1. d4 d5 2. Nf3 Nf6 3. c4 dxc4 4. e3 e6 5. Bxc4 c5 6. O-O a6 7. Bd3 Nbd7 8. Re1
b6 9. e4 cxd4 10. e5 Nd5 11. Nxd4 Qc7 12. Be4 Bb7 13. Bxd5 Bxd5 14. Nc3 Bb7 15.
Bf4 Rd8 16. Qg4 Qc4 17. Rad1 Nc5 18. Nf5 Nd3 19. Nxg7+ Kd7 20. Rxd3+ Qxd3 21.
Rd1 Qxd1+ 22. Qxd1+ Kc8 23. Qc2 Kb8 24. Nh5 Bc5 25. Nf6 Bd4 26. h4 Rc8 27. Qa4
1-0